00471 2200181 4500245005500000020001800055250001100073100002100084700002400105700002300129650001700152005001900169260003100188041001400219084001300233300003400246336000900280 aShanaou Yoshitsune Vol. 18cSawada, HirofumihText a9789792310740 aCet. 3 aSawada, Hirofumi aArdiatma Mahardhika aFebrian Anantasyah aKomik Jepang a20230907135152 aJakartabPT Gramediac2011 aIndonesia a741.5592 a... jil. :bilus. ;c17,5 cm. atext